| 000 | 00692nam a22002057a 4500 | ||
|---|---|---|---|
| 005 | 20131220112526.0 | ||
| 010 | _aENG-108899 | ||
| 020 |
_a9789382983194 _c1150.00 |
||
| 035 | _aEN-92432 | ||
| 037 | _bDBAD/PUB | ||
| 082 | _a368.954 | ||
| 100 | _aVinayagamoorthy, A. | ||
| 245 |
_aContemporary research in emerging issurance market / _cby A. Vinayagamoorthy [and] C. Sankar |
||
| 260 |
_aNew Delhi _bManglam Publications _c2014 |
||
| 270 |
_aK-129 Gali No.3 Near Shiv Om Jwelers 3-1/2 Pusta Gautam Vihar _bNew Delhi _e110053 |
||
| 300 |
_a370p. _c22cm(Hb) |
||
| 500 | _aIncludes bibliographical references | ||
| 700 | _aSankar, C. | ||
| 942 |
_2ddc _cEN _mVIN _h368.954 |
||
| 999 |
_c81253 _d81253 |
||